Les lignes de bus les plus fréquentes d'Ile de France - Statistiques

Statistiques générales
  • Ce quiz a été pris 30 fois
  • Le résultat moyen est 19 sur 40
Statistiques - réponses
Ligne Trajet Nombre de bus par heure % Correct
TVM La Croix de Berny RER <-> Saint-Maur - Créteil RER 20.6
83%
91 Montparnasse 2 - Gare TGV <-> Gare du Nord 13
79%
92 Porte de Champerret <-> Porte d'Orléans 15.6
79%
60 Porte de Montmartre <-> Gambetta 12
72%
25 Bibliothèque François Mitterrand <-> Vitry - Duras 12
66%
63 Porte de la Muette <-> Gare de Lyon 12
66%
171 Pont de Sèvres <-> Château de Versailles 13
59%
189 Porte de Saint-Cloud <-> Clamart - Georges Pompidou 13
59%
393 Thiais - Résistance <-> Sucy - Bonneuil RER 11.3
59%
72 Parc de Saint-Cloud <-> Gare de Lyon 11
59%
173 Porte de Clichy <-> La Courneuve - 8 mai 1945 12
55%
180 Villejuif - Louis Aragon <-> Charenton - Ecoles 10.3
55%
187 Porte d'Orléans <-> Fresnes - Les Groux 12.3
55%
123 Porte d'Auteuil <-> Mairie d'Issy 12.3
52%
323 Issy - Val de Seine <-> Ivry - Gambetta 11.3
52%
6140 / 291 Pont de Sèvres <-> Vélizy - La Cheminée 13.6
52%
103 Ecole Vétérinaire de Maisons-Alfort <-> Thiais - Georges Halgoult 15
48%
126 Parc de Saint-Cloud <-> Porte d'Orléans 10.3
48%
129 Mairie de Montreuil <-> Romainville - Vassou 14.6
48%
131 Porte d'Italie <-> Rungis - La Fraternelle RER 12.3
48%
113 Nogent-sur-Marne RER <-> Chelles - Terre Ciel 18
45%
128 Porte d'Orléans <-> Robinson RER 10.6
45%
208 Champigny - Saint-Maur RER <-> Le-Plessis-Trévise - Verdun 14.3
45%
272 Gare de Sartrouville <-> Gare d'Argenteuil 10.6
45%
308 Préfecture du Val de Marne <-> Villiers-sur-Marne - Le-Plessis-Trévise RER 12.6
45%
109 Terroirs de France <-> Liberté - Churchill 11.3
41%
118 Château de Vincennes <-> Val de Fontenay 13
41%
148 Bobigny - Pablo Picasso <-> Musée de l'Air et de l'Espace 12
41%
258 La Défense <-> Rueil - La Jonchère 14.6
41%
206 Noisy-le-Grand - Mont d'Est RER <-> Le-Plessis-Trévise - Verdun 12
38%
213 Gare de Chelles - Gournay <-> Lognes - Le Village 10.3
38%
378 Nanterre - Ville RER <-> Les Courtilles 13.6
38%
203 Neuilly-Plaisance RER <-> Neuilly-sur-Marne - Bougainville 14
34%
602 Le-Raincy-Villemomble-Montfermeil RER <-> Coubron - Corot 11
34%
4606 Massy - Palaiseau RER <-> Christ de Saclay / Gare du Guichet 15
31%
1201 Gare de Cergy - Le Haut <-> Gare de Pontoise 11
24%
4609 Gare de Jouy-en-Josas <-> Centre Commercial Ulis 2 11
24%
613 Gare d'Aulnay-sous-Bois <-> Gare de Chelles - Gournay 10.6
24%
6201 Centre Commercial Parly 2 <-> Versailles - Picardie 10.3
21%
2301 Gare de Meaux <-> Meaux - Georges Claude 10.6
17%
Aucun quiz correspondant
Distribution des résultats
% des personnes avec chaque résultat
Percentile par nombre de réponses
Votre historique - résultats
Vous n’avez pas pris ce quiz